Islam Ka Khanadani Nizam / (Record no. 616221)

000 -LEADER
fixed length control field 00469nam a22001817a 4500
003 - CONTROL NUMBER IDENTIFIER
control field NUST
005 - DATE AND TIME OF LATEST TRANSACTION
control field 20260216160206.0
008 - FIXED-LENGTH DATA ELEMENTS--GENERAL INFORMATION
fixed length control field 260216b ||||| |||| 00| 0 eng d
020 ## - INTERNATIONAL STANDARD BOOK NUMBER
International Standard Book Number 978-969-8535-15-5
082 ## - DEWEY DECIMAL CLASSIFICATION NUMBER
Classification number 297
Author Mark AMJ
100 ## - MAIN ENTRY--PERSONAL NAME
Personal name Amjad Ali Bhatti.
9 (RLIN) 133262
245 ## - TITLE STATEMENT
Title Islam Ka Khanadani Nizam /
Statement of responsibility, etc. Amjad Ali Bhatti.
260 ## - PUBLICATION, DISTRIBUTION, ETC.
Place of publication, distribution, etc. Pakistan:
Name of publisher, distributor, etc. NUST Press,
Date of publication, distribution, etc. 2015.
300 ## - PHYSICAL DESCRIPTION
Extent 452 p ;
Dimensions 26.3 cm
546 ## - LANGUAGE NOTE
Language note Urdu
563 ## - BINDING INFORMATION
Binding note Hardcover
942 ## - ADDED ENTRY ELEMENTS (KOHA)
Source of classification or shelving scheme
Koha item type Book
Holdings
Withdrawn status Lost status Source of classification or shelving scheme Damaged status Not for loan Permanent Location Current Location Date acquired Total Checkouts Full call number Barcode Date last seen Price effective from Koha item type
          Institute of Geographical Information Systems (IGIS) Institute of Geographical Information Systems (IGIS) 02/16/2026   297 AMJ IGIS-1304 02/16/2026 02/16/2026 Book
          Institute of Geographical Information Systems (IGIS) Institute of Geographical Information Systems (IGIS) 02/16/2026   297 AMJ IGIS-1305 02/16/2026 02/16/2026 Book
© 2023 Central Library, National University of Sciences and Technology. All Rights Reserved.